Central Library OPAC University of Rajshahi
Normal view MARC view

Entry Topical Term

Number of records used in: 2

001 - CONTROL NUMBER

  • control field: 6883

003 - CONTROL NUMBER IDENTIFIER

  • control field: BD-RjUL

005 - DATE AND TIME OF LATEST TRANSACTION

  • control field: 20230207143827.0

008 - FIXED-LENGTH DATA ELEMENTS

  • fixed length control field: 230207|| aca||aabn | a|a d

040 ## - CATALOGING SOURCE

  • Original cataloging agency: BD-RjUL
  • Transcribing agency: BD-RjUL

150 ## - HEADING--TOPICAL TERM

  • Topical term or geographic name entry element: Apologetic writings Dieu (Islam)

670 ## - SOURCE DATA FOUND

  • Source citation: Work cat.: (BD-RjUL)81186: داغي, علي محيي الدين القره Daghi, Ali Muhyiddin Al-Qarrah 6882, Front cover image for العقيدة الإسلامية : دراسة لتصحيح الأخطاء الواردة في الموسوعة الإسلامية الصادرة عن دار بريل في لايدن العقيدة الإسلامية : دراسة لتصحيح الأخطاء الواردة في الموسوعة الإسلامية الصادرة عن دار بريل في لايدن / al-ʻAqīdah a /, 1995